000
00336 a2200109 4500
001
ART_53628
005
20260410161946.0
008
260409a
245
1
0
_a
El descanso dominical y los problemas del poder político
100
1
_a
Duarte, David
773
0
_t
Temas de derecho laboral
_g
- N° 10 (oct. 2021)
_w
REV27619
999
_c
29968
_d
29968